| 000 | 00712cab a2200253 4500 | ||
|---|---|---|---|
| 001 | X2076 | ||
| 008 | 090401t1995 xxu||||| |||| 00| 0 eng d | ||
| 035 | _a(Sirsi) u21638 | ||
| 041 | _aeng | ||
| 245 | _aRevised requirements for the building regulatios | ||
| 260 | _c1995 | ||
| 350 | _a0 | ||
| 490 |
_aCSM (Chartered Surveyor Monthly) _v4(5) March 1995, 19(1) |
||
| 650 | _aAPPROVED DOCUMENT | ||
| 650 | _aBUILDING REGULATIONS AND CONTROL SKILLS PANEL | ||
| 650 | _aBUILDING REGULATIONS PART L | ||
| 650 | _aELEMENTAL METHOD | ||
| 650 | _aENERGY EFFICIENCY | ||
| 650 | _aEXTENSIONS | ||
| 650 | _aU-VALUES | ||
| 690 | _aBUILDING AND CONSTRUCTION-REGULATIONS | ||
| 942 | _n0 | ||
| 948 | _c04/03/1997 | ||
| 999 |
_c14514 _d14514 |
||